| 000 | 01078nam a22003857a 4500 | ||
|---|---|---|---|
| 001 | BR2016001285 | ||
| 003 | BR-BrBNA | ||
| 005 | 20230928104834.0 | ||
| 007 | ta | ||
| 008 | 230509b bl.||||| |||| 00| 0 por d | ||
| 040 |
_aBR-BrBNA _bpor _cBiblioteca Nacional de Agricultura |
||
| 041 | _a(Por) | ||
| 072 |
_aJ12; Q80 _b3575 |
||
| 090 | _ 3575 BR2016001285 | ||
| 100 | 1 | _aBarreira, S. | |
| 100 | 1 | _aTeles, H. de F. | |
| 100 | 1 | _aNaves, R.V. | |
| 100 | 1 | _aSantos, M.M. dos | |
| 100 | 1 | _aGomes, G.A.C. | |
| 100 | 1 | _aVenturoli, F. | |
| 100 | 1 | _aBorges, J.D. | |
| 100 | 1 | _aClili, F.N. | |
| 100 | 1 | _aSette Junior, C.R. | |
| 110 | 1 |
_aProjeto Semeando o Bioma do Cerrado, Brasília, DF (Brasil) _98092 |
|
| 245 | 1 | _aSemeando o bioma cerrado; beneficiamento, embalagem e armazenamento de sementes | |
| 260 | 3 |
_aBrasília, DF (Brasil): _c2011. |
|
| 300 | _a32 p. | ||
| 500 | _a15 ref.; 8 illus | ||
| 650 | _aSEMENTE | ||
| 650 | _aBENEFICIAMENTO | ||
| 650 | _aEMBALAGEM | ||
| 650 | _aARMAZENAMENTO | ||
| 909 |
_a202309 _bLucia _c55 _dLucia Elande |
||
| 942 | _cBK | ||
| 999 |
_c82013 _d82013 |
||